[Event "First Lady's Cup"]
[Site "Surakarta/Denpasar INA"]
[Date "1982.02.20"]
[Round "10"]
[White "Sosonko, Gennadi"]
[Black "Handoko, Edhi"]
[Result "1-0"]
[WhiteElo "2580"]
[BlackElo "2370"]
[EventDate "1982.02.10"]
[PlyCount "151"]

1.d4 Nf6 2.c4 e6 3.g3 d5 4.Bg2 Be7 5.Nf3 O-O 6.O-O Nbd7 7.Qc2 c6 8.b3 Ne4 
9.Ba3 Bxa3 10.Nxa3 f5 11.Qb2 f4 12.Nb1 fxg3 13.hxg3 Qf6 14.Nbd2 Nd6 15.
Rae1 Qf5 16.Qa3 Ne4 17.Nxe4 dxe4 18.Nd2 Nf6 19.Qd6 Qh5 20.f3 e3 21.Ne4 Bd7
22.Nc5 Rf7 23.Qe5 Qh6 24.g4 Qh4 25.Qxe3 Raf8 26.Nd3 Bc8 27.Ne5 Re7 28.Qf2 
Qh6 29.f4 Nd7 30.g5 Qh5 31.Bf3 Qh3 32.Nd3 h6 33.Bg2 Qh4 34.Qe3 Rf5 35.Bh3 
Rf8 36.Rf3 e5 37.Bxd7 Bxd7 38.Nxe5 hxg5 39.fxg5 Rxf3 40.exf3 Qh3 41.f4 Qh4
42.Kg2 Qh7 43.g6 Qh5 44.Qg3 Bf5 45.Kf2 Re6 46.Rg1 Bxg6 47.Qg5 Qh3 48.Rg3 
Qh2+ 49.Rg2 Qh3 50.Qg3 Qxg3+ 51.Rxg3 Bb1 52.a3 Rh6 53.Ke3 Rh1 54.Kd2 Rh2+ 
55.Kc3 a5 56.d5 c5 57.b4 b6 58.bxc5 bxc5 59.d6 Rc2+ 60.Kb3 Rd2 61.d7 Bf5 
62.Ka4 Bxd7+ 63.Kxa5 Be8 64.Kb6 Rd4 65.Rf3 Kf8 66.Kxc5 Rd1 67.Nd3 Ke7 68.
Nb4 Bf7 69.Rc3 Rf1 70.Kb6 Rxf4 71.c5 Rc4 72.Rg3 Kf6 73.Rf3+ Ke6 74.c6 g5 
75.c7 Be8 76.Re3+ 1-0

[Event "First Lady's Cup"]
[Site "Surakarta/Denpasar INA"]
[Date "1982.02.20"]
[Round "10"]
[White "Hulak, Krunoslav"]
[Black "Henley, Ronald Watson"]
[Result "1/2-1/2"]
[WhiteElo "2490"]
[BlackElo "2460"]
[EventDate "1982.02.10"]
[PlyCount "84"]

1.e4 e5 2.Nf3 Nf6 3.Nxe5 d6 4.Nf3 Nxe4 5.d4 d5 6.Bd3 Be7 7.O-O Bf5 8.Re1 
Nc6 9.a3 Nd6 10.Bxf5 Nxf5 11.Qd3 Qd7 12.Nc3 g6 13.b4 f6 14.Bf4 O-O-O 15.b5
Na5 16.g4 Ng7 17.Nxd5 Qxd5 18.Rxe7 Ne6 19.Bg3 Rde8 20.Rxe8+ Rxe8 21.Re1 
Nc4 22.a4 Kd7 23.Qe4 c6 24.bxc6+ bxc6 25.Qxd5+ cxd5 26.Rb1 Kc6 27.h4 h6 
28.c3 a6 29.Ne1 Nd2 30.Rb2 Nxd4 31.cxd4 Rxe1+ 32.Kg2 Nc4 33.Rb8 Re4 34.Rf8
Rxg4 35.Rxf6+ Kb7 36.Kh3 h5 37.Bf4 a5 38.f3 Rg1 39.Bg3 Ne3 40.Rxg6 Rh1+ 
41.Bh2 Nf1 42.Rg2 Kc8 1/2-1/2

[Event "First Lady's Cup"]
[Site "Surakarta/Denpasar INA"]
[Date "1982.02.20"]
[Round "10"]
[White "Ribli, Zoltan"]
[Black "Miles, Anthony John"]
[Result "1/2-1/2"]
[WhiteElo "2590"]
[BlackElo "2575"]
[EventDate "1982.02.10"]
[PlyCount "37"]

1.Nf3 Nf6 2.c4 c5 3.Nc3 d5 4.cxd5 Nxd5 5.e3 Nc6 6.d4 cxd4 7.exd4 Bg4 8.Qb3
Bxf3 9.gxf3 Nb6 10.Be3 e6 11.O-O-O Be7 12.d5 exd5 13.Bxb6 Qxb6 14.Qxb6 
axb6 15.Nxd5 Rxa2 16.Kb1 Ra5 17.Bb5 Kf8 18.Nxe7 Kxe7 19.Rhe1+ 1/2-1/2

[Event "First Lady's Cup"]
[Site "Surakarta/Denpasar INA"]
[Date "1982.02.20"]
[Round "10"]
[White "Spasov, Luben"]
[Black "Rodriguez Vargas, Orestes"]
[Result "1-0"]
[WhiteElo "2410"]
[BlackElo "2430"]
[EventDate "1982.02.10"]
[PlyCount "87"]

1.d4 Nf6 2.c4 e6 3.Nf3 c5 4.d5 exd5 5.cxd5 g6 6.Nc3 Bg7 7.g3 d6 8.Bg2 O-O 
9.O-O a6 10.a4 Bg4 11.Nd2 Bc8 12.Nc4 Ne8 13.Bf4 g5 14.Bd2 h6 15.f4 f6 16.
a5 Nd7 17.Na4 Rb8 18.e4 gxf4 19.Bxf4 Ne5 20.Bxe5 fxe5 21.Rxf8+ Bxf8 22.
Nab6 Qg5 23.Nxc8 Rxc8 24.Bh3 Rc7 25.Be6+ Kh8 26.Qf3 Qf6 27.Qe2 Ng7 28.Rf1 
Qd8 29.Qg4 Nxe6 30.Qxe6 Qe7 31.Rf6 Qxe6 32.Rxe6 Rd7 33.Kg2 Kg8 34.b3 Rd8 
35.Kf3 Rd7 36.Ke2 Rd8 37.Ne3 Rb8 38.Nc4 Rd8 39.Kf3 Rd7 40.Kg4 Rg7+ 41.Kh5 
Rf7 42.Nxd6 Bxd6 43.Rxd6 Rf3 44.Kg6 1-0

[Event "First Lady's Cup"]
[Site "Surakarta/Denpasar INA"]
[Date "1982.02.20"]
[Round "10"]
[White "Keene, Raymond Dennis"]
[Black "Gheorghiu, Florin"]
[Result "1/2-1/2"]
[WhiteElo "2505"]
[BlackElo "2550"]
[EventDate "1982.02.10"]
[PlyCount "25"]

1.Nf3 d5 2.d4 Nf6 3.c4 e6 4.Nc3 Be7 5.Bg5 h6 6.Bh4 O-O 7.Rc1 Nbd7 8.e3 
dxc4 9.Bxc4 c5 10.O-O cxd4 11.Nxd4 Ne5 12.Bb3 Bd7 13.Bg3 1/2-1/2

[Event "First Lady's Cup"]
[Site "Surakarta/Denpasar INA"]
[Date "1982.02.20"]
[Round "10"]
[White "Christiansen, Larry"]
[Black "Csom, Istvan"]
[Result "1/2-1/2"]
[WhiteElo "2585"]
[BlackElo "2505"]
[EventDate "1982.02.10"]
[PlyCount "61"]

1.e4 c5 2.Nf3 d6 3.d4 cxd4 4.Nxd4 Nf6 5.Nc3 Nc6 6.Bg5 e6 7.Qd2 a6 8.O-O-O 
h6 9.Bf4 Bd7 10.Nxc6 Bxc6 11.Qe1 Qa5 12.Bc4 Be7 13.f3 b5 14.Bb3 Qc7 15.e5 
dxe5 16.Bxe5 Qb7 17.f4 O-O 18.Rg1 a5 19.g4 a4 20.g5 hxg5 21.Rxg5 Rfd8 22.
Bxe6 Rxd1+ 23.Nxd1 fxe6 24.Bxf6 Bxf6 25.Qxe6+ Qf7 26.Qxc6 Rd8 27.Rg3 Qxa2 
28.Rd3 Qa1+ 29.Kd2 Rxd3+ 30.cxd3 Bxb2 31.Qe8+ 1/2-1/2

[Event "First Lady's Cup"]
[Site "Surakarta/Denpasar INA"]
[Date "1982.02.20"]
[Round "10"]
[White "Chandler, Murray Graham"]
[Black "Bellon Lopez, Juan Manuel"]
[Result "1-0"]
[WhiteElo "2470"]
[BlackElo "2400"]
[EventDate "1982.02.10"]
[PlyCount "82"]

1.e4 c6 2.d4 d5 3.Nd2 dxe4 4.Nxe4 Nf6 5.Nxf6+ gxf6 6.c3 Bf5 7.Nf3 Nd7 8.g3
Be4 9.Bg2 e6 10.O-O f5 11.Re1 Be7 12.Bf4 Nf6 13.a4 Nd5 14.Bh6 Qc7 15.a5 
O-O-O 16.a6 b6 17.Ne5 Bxg2 18.Kxg2 Bf8 19.Bd2 Bg7 20.Qf3 Bxe5 21.Rxe5 Qd7 
22.c4 Ne7 23.Bg5 Ng6 24.Ree1 Rde8 25.Bf6 Rhg8 26.b4 Kb8 27.Kg1 Rc8 28.Rad1
f4 29.Qh5 fxg3 30.hxg3 Ka8 31.Qxh7 b5 32.cxb5 Nf4 33.Be5 Nd5 34.Rc1 cxb5 
35.Rc5 Rxc5 36.bxc5 Rc8 37.Qd3 Qc6 38.Qf3 Qd7 39.Rb1 f6 40.Bd6 Rc6 41.Rxb5
Rc8 1-0

[Event "First Lady's Cup"]
[Site "Surakarta/Denpasar INA"]
[Date "1982.02.20"]
[Round "10"]
[White "Suttles, Duncan"]
[Black "Bachtiar, Arovah"]
[Result "0-1"]
[WhiteElo "2475"]
[BlackElo "2360"]
[EventDate "1982.02.10"]
[PlyCount "86"]

1.c4 e6 2.Nc3 d5 3.e3 Nf6 4.Nf3 Be7 5.b3 O-O 6.Bb2 c5 7.d4 cxd4 8.Nxd4 a6 
9.Rc1 Qa5 10.cxd5 Nxd5 11.Bc4 Nb6 12.Bd3 Rd8 13.Qc2 Qh5 14.Ne4 Bb4+ 15.Kf1
N8d7 16.a3 Bf8 17.Ng3 Qh6 18.Qc7 Re8 19.Be4 Qh4 20.Nf3 Qd8 21.Qc2 f5 22.
Bd3 Nc5 23.Be2 Bd7 24.Ne5 Rc8 25.Rd1 Qe7 26.Nxd7 Ncxd7 27.Qb1 Nf6 28.Bd4 
Nbd5 29.Qb2 Qxa3 30.Bd3 Qxb2 31.Bxb2 Nb4 32.Bb1 Nfd5 33.Ne2 Red8 34.Ke1 
Nc2+ 35.Bxc2 Rxc2 36.Rb1 Nb4 37.Bc3 Nd3+ 38.Kf1 Rc8 39.Ba1 Ra2 40.Bc3 Bb4 
41.Bxb4 Nxb4 42.Nd4 e5 43.Nxf5 Rcc2 0-1

[Event "First Lady's Cup"]
[Site "Surakarta/Denpasar INA"]
[Date "1982.02.20"]
[Round "10"]
[White "Suradiradja, Herman"]
[Black "Browne, Walter Shawn"]
[Result "0-1"]
[WhiteElo "2380"]
[BlackElo "2585"]
[EventDate "1982.02.10"]
[PlyCount "76"]

1.e4 c5 2.Nf3 d6 3.d4 cxd4 4.Nxd4 Nf6 5.Nc3 a6 6.Bg5 e6 7.f4 Qb6 8.Nb3 Be7
9.Qe2 h6 10.Bh4 Nxe4 11.Qxe4 Bxh4+ 12.g3 Be7 13.O-O-O Bd7 14.Bg2 Bc6 15.
Qe2 Nd7 16.Rhe1 O-O 17.g4 Rac8 18.g5 hxg5 19.Rg1 Bb5 20.Nxb5 Qxb5 21.Qxb5 
axb5 22.f5 exf5 23.Nd4 Rc5 24.Bxb7 Bf6 25.Kb1 b4 26.Nb3 Rc7 27.Bd5 Rfc8 
28.Rg2 Nb6 29.Nc1 Na4 30.Nd3 Rb8 31.Bb3 Nc5 32.Nxc5 dxc5 33.Bc4 g4 34.h3 
gxh3 35.Rh2 g6 36.Rxh3 Kg7 37.Rdh1 Be5 38.Rh7+ Kf6 0-1

[Event "First Lady's Cup"]
[Site "Surakarta/Denpasar INA"]
[Date "1982.02.20"]
[Round "10"]
[White "Hort, Vlastimil"]
[Black "Radulov, Ivan"]
[Result "1/2-1/2"]
[WhiteElo "2590"]
[BlackElo "2505"]
[EventDate "1982.02.10"]
[PlyCount "69"]

1.e4 c5 2.Nf3 d6 3.d4 cxd4 4.Nxd4 Nf6 5.Nc3 Nc6 6.Bg5 e6 7.Qd2 a6 8.O-O-O 
h6 9.Bf4 Bd7 10.Nxc6 Bxc6 11.Qe1 Qa5 12.f3 O-O-O 13.Kb1 Qc7 14.Bc4 Nd7 15.
Qg3 b5 16.Be2 Nc5 17.a3 g5 18.Be3 Be7 19.Bd4 Rhe8 20.Qf2 Kb8 21.Rd2 Rc8 
22.Rhd1 Bb7 23.Bf1 Red8 24.Na2 Nd7 25.Re1 d5 26.e5 Bc5 27.Nc1 Bxd4 28.Qxd4
Ka8 29.g3 f5 30.Nb3 Nc5 31.Nxc5 Qxc5 32.Qxc5 Rxc5 33.Rd4 Rc7 34.Re3 Ka7 
35.c3 1/2-1/2

[Event "First Lady's Cup"]
[Site "Surakarta/Denpasar INA"]
[Date "1982.02.20"]
[Round "10"]
[White "Ardiansyah"]
[Black "Gunawan, Ronny"]
[Result "1-0"]
[WhiteElo "2395"]
[BlackElo "2345"]
[EventDate "1982.02.10"]
[PlyCount "95"]

1.d4 Nf6 2.Nf3 g6 3.c4 Bg7 4.g3 O-O 5.Bg2 d6 6.O-O c6 7.Nc3 Qc7 8.e4 Nbd7 
9.h3 e5 10.Be3 Re8 11.Rc1 b6 12.Qd2 Ba6 13.b3 Rad8 14.Rfd1 Nf8 15.Bg5 Bb7 
16.b4 Qb8 17.d5 cxd5 18.Bxf6 Bxf6 19.Nxd5 Bg7 20.h4 Ne6 21.h5 h6 22.hxg6 
fxg6 23.Nh4 Kh7 24.f4 exf4 25.gxf4 g5 26.fxg5 Nxg5 27.Nf5 Bc8 28.Qd3 Be5 
29.Nfe7 Qb7 30.Nf6+ Kh8 31.Ng6+ Kg7 32.Nxe5 Rxe5 33.Rf1 Kh8 34.c5 bxc5 35.
bxc5 Qa6 36.Qd4 Ne6 37.Qd2 Rg5 38.c6 Qb6+ 39.Rf2 Rf8 40.Nd5 Qxf2+ 41.Qxf2 
Rxf2 42.Kxf2 Nc5 43.Rb1 Nd3+ 44.Kf1 Ba6 45.Kg1 Nc5 46.c7 Nxe4 47.Rb8+ Kg7 
48.Nb4 1-0

[Event "First Lady's Cup"]
[Site "Surakarta/Denpasar INA"]
[Date "1982.02.20"]
[Round "10"]
[White "Maninang, Jesus Rafael"]
[Black "Matanovic, Aleksandar"]
[Result "1/2-1/2"]
[WhiteElo "2385"]
[BlackElo "2495"]
[EventDate "1982.02.10"]
[PlyCount "23"]

1.e4 e5 2.Nf3 Nc6 3.Bb5 a6 4.Ba4 Nf6 5.O-O Be7 6.Re1 b5 7.Bb3 d6 8.c3 O-O 
9.h3 h6 10.d4 Re8 11.Nbd2 Bf8 12.Bc2 1/2-1/2

[Event "First Lady's Cup"]
[Site "Surakarta/Denpasar INA"]
[Date "1982.02.20"]
[Round "10"]
[White "Sampouw, Jacobus Sawandar"]
[Black "Kurajica, Bojan"]
[Result "1/2-1/2"]
[WhiteElo "2305"]
[BlackElo "2510"]
[EventDate "1982.02.10"]
[PlyCount "57"]

1.e4 c5 2.c3 d5 3.Bd3 Nc6 4.exd5 Qxd5 5.Qf3 Nf6 6.Qxd5 Nxd5 7.Ne2 e5 8.O-O
a6 9.Be4 Be6 10.f4 Nxf4 11.Nxf4 exf4 12.d4 cxd4 13.cxd4 Nxd4 14.Nc3 g5 15.
g3 O-O-O 16.gxf4 f5 17.Bg2 Nc2 18.Rb1 Bc5+ 19.Kh1 Bc4 20.fxg5 Bxf1 21.Bxf1
Rhe8 22.Bf4 Bd6 23.Bxd6 Rxd6 24.Rc1 Re1 25.Rxc2 Rxf1+ 26.Kg2 Re1 27.Nb5+ 
Kd7 28.Nxd6 Kxd6 29.Kf3 1/2-1/2

[Event "First Lady's Cup"]
[Site "Surakarta/Denpasar INA"]
[Date "1982.02.21"]
[Round "11"]
[White "Csom, Istvan"]
[Black "Keene, Raymond Dennis"]
[Result "1/2-1/2"]
[WhiteElo "2505"]
[BlackElo "2505"]
[EventDate "1982.02.10"]
[PlyCount "89"]

1.d4 g6 2.c4 Bg7 3.Nf3 Nf6 4.g3 O-O 5.Bg2 d6 6.O-O Nc6 7.Nc3 a6 8.Qd3 Bf5 
9.e4 Bg4 10.d5 Bxf3 11.Qxf3 Nd4 12.Qd1 Nd7 13.Be3 c5 14.dxc6 Nxc6 15.Rc1 
Nc5 16.Qe2 Ne6 17.f4 Ned4 18.Qf2 b5 19.Rfd1 e5 20.f5 Nb8 21.h3 Nd7 22.Ne2 
Rc8 23.Nxd4 exd4 24.Bxd4 Ne5 25.c5 Qe7 26.cxd6 Rxc1 27.dxe7 Rxd1+ 28.Kh2 
Re8 29.f6 Rxd4 30.Qxd4 Bxf6 31.Qd6 Kg7 32.Qxa6 b4 33.Qb5 Rxe7 34.Qxb4 Nd3 
35.Qa3 Rd7 36.b4 Be5 37.Qa5 f6 38.Qb5 Rd4 39.a3 h5 40.h4 Nf2 41.Qe2 Ng4+ 
42.Kg1 Bxg3 43.Bf3 Ne5 44.Qe3 Rd3 45.Qa7+ 1/2-1/2

[Event "First Lady's Cup"]
[Site "Surakarta/Denpasar INA"]
[Date "1982.02.21"]
[Round "11"]
[White "Kurajica, Bojan"]
[Black "Christiansen, Larry"]
[Result "1/2-1/2"]
[WhiteElo "2510"]
[BlackElo "2585"]
[EventDate "1982.02.10"]
[PlyCount "99"]

1.d4 Nf6 2.Nf3 e6 3.g3 c5 4.Bg2 cxd4 5.Nxd4 d5 6.O-O e5 7.Nb3 Be7 8.Bg5 
Nbd7 9.e4 dxe4 10.Nc3 O-O 11.Nd2 Nb6 12.Ndxe4 Nxe4 13.Qxd8 Bxd8 14.Nxe4 
Bxg5 15.Nxg5 Rb8 16.b3 Nd7 17.c4 Nc5 18.Rfe1 h6 19.Ne4 Nxe4 20.Bxe4 Be6 
21.Bg2 Rfd8 22.Rxe5 Rd2 23.c5 a5 24.Bf3 Rc2 25.Be4 Rb2 26.Bf3 Rc2 27.Kg2 
Kf8 28.h4 Rc8 29.Bxb7 R8xc5 30.Rxc5 Rxc5 31.Be4 f5 32.Bf3 g5 33.Re1 Kf7 
34.Bd1 Kf6 35.hxg5+ hxg5 36.Re3 g4 37.Rd3 Bd5+ 38.Kf1 Be4 39.Rd8 Rc1 40.
Ke1 Bf3 41.Rd2 Ra1 42.Rd8 Ke5 43.Rd7 f4 44.gxf4+ Kxf4 45.Rd4+ Ke5 46.Rd2 
Ke4 47.Rd8 Bxd1 48.Rxd1 Rxa2 49.Rd8 Rb2 50.Rb8 1/2-1/2

[Event "First Lady's Cup"]
[Site "Surakarta/Denpasar INA"]
[Date "1982.02.21"]
[Round "11"]
[White "Browne, Walter Shawn"]
[Black "Chandler, Murray Graham"]
[Result "0-1"]
[WhiteElo "2585"]
[BlackElo "2470"]
[EventDate "1982.02.10"]
[PlyCount "100"]

1.d4 Nf6 2.Nf3 e6 3.c4 d5 4.Nc3 Be7 5.Bg5 h6 6.Bh4 O-O 7.Rc1 dxc4 8.e3 c5 
9.Bxc4 cxd4 10.exd4 Nc6 11.O-O Nh5 12.Bxe7 Nxe7 13.Re1 Nf6 14.Ne5 Bd7 15.
d5 exd5 16.Nxd5 Nexd5 17.Bxd5 Nxd5 18.Qxd5 Be6 19.Qxb7 Qa5 20.a3 Rab8 21.
Qf3 Rxb2 22.Nc6 Qg5 23.Nxa7 Rb3 24.h4 Qxh4 25.Rc3 Bd5 26.Qe3 Qg4 27.Qg3 
Qxg3 28.Rxg3 Rb7 29.Rd3 Bxg2 30.Kxg2 Rxa7 31.Rc1 Rfa8 32.Rcc3 Ra4 33.f3 g5
34.Rc6 Kg7 35.Rcc3 R8a7 36.Kg3 Kg6 37.Rb3 h5 38.Rbc3 f6 39.Rb3 Ra8 40.Rdc3
R8a7 41.Rd3 R7a6 42.Rbc3 h4+ 43.Kh3 Re6 44.Rd8 Re2 45.Rg8+ Kf5 46.Rf8 Rf2 
47.Rd8 Rf4 48.Rdd3 Kg6 49.a4 Kh5 50.a5 R4xf3+ 0-1

[Event "First Lady's Cup"]
[Site "Surakarta/Denpasar INA"]
[Date "1982.02.21"]
[Round "11"]
[White "Miles, Anthony John"]
[Black "Suttles, Duncan"]
[Result "1-0"]
[WhiteElo "2575"]
[BlackElo "2475"]
[EventDate "1982.02.10"]
[PlyCount "89"]

1.e4 g6 2.f4 Bg7 3.Nf3 c5 4.Nc3 Nc6 5.Bb5 d6 6.O-O Bd7 7.d3 a6 8.Bxc6 Bxc6
9.Qe1 Nf6 10.a4 b6 11.Qh4 h6 12.Bd2 e6 13.Rae1 b5 14.axb5 axb5 15.e5 b4 
16.Nd1 Nd7 17.Qxd8+ Kxd8 18.exd6 Bxf3 19.Rxf3 Ra2 20.c3 b3 21.c4 Bd4+ 22.
Be3 e5 23.f5 Re8 24.Kf1 gxf5 25.Rxf5 Re6 26.Rxf7 Rxd6 27.Bc1 Ke8 28.Rf3 
Nb6 29.Be3 Kd7 30.Bxd4 exd4 31.Rf7+ Kc6 32.Re8 Ra1 33.Ke2 Rc1 34.Ke1 Rc2 
35.Re2 Rg6 36.g3 Nc8 37.Nf2 Rc1+ 38.Kd2 Ra1 39.Rf8 Kd7 40.Re5 Rb1 41.Ne4 
Nd6 42.Nf6+ Kc6 43.Re6 Rxb2+ 44.Kc1 Rc2+ 45.Kb1 1-0

[Event "First Lady's Cup"]
[Site "Surakarta/Denpasar INA"]
[Date "1982.02.21"]
[Round "11"]
[White "Bachtiar, Arovah"]
[Black "Sosonko, Gennadi"]
[Result "0-1"]
[WhiteElo "2360"]
[BlackElo "2580"]
[EventDate "1982.02.10"]
[PlyCount "47"]

1.d4 Nf6 2.c4 e6 3.Nf3 b6 4.g3 Ba6 5.Qc2 c5 6.Bg2 Nc6 7.dxc5 bxc5 8.O-O 
Be7 9.Na3 Qb6 10.b3 O-O 11.Bb2 d5 12.Ne5 Nb4 13.Qc1 Bb7 14.Nc2 Nxc2 15.
Qxc2 d4 16.Bxb7 Qxb7 17.e3 dxe3 18.fxe3 Rad8 19.Rad1 Ne4 20.Rxd8 Rxd8 21.
Rxf7 Ng5 22.Rxg7+ Kxg7 23.h4 Qe4 24.Nd3+ 0-1

[Event "First Lady's Cup"]
[Site "Surakarta/Denpasar INA"]
[Date "1982.02.21"]
[Round "11"]
[White "Gheorghiu, Florin"]
[Black "Hort, Vlastimil"]
[Result "1/2-1/2"]
[WhiteElo "2550"]
[BlackElo "2590"]
[EventDate "1982.02.10"]
[PlyCount "37"]

1.e4 e5 2.Nf3 Nc6 3.Bb5 a6 4.Ba4 Nf6 5.O-O Be7 6.Re1 b5 7.Bb3 d6 8.c3 O-O 
9.h3 Nb8 10.d4 Nbd7 11.Nbd2 Bb7 12.Bc2 Re8 13.Nf1 Bf8 14.Ng3 g6 15.a4 c5 
16.d5 c4 17.Bg5 Bg7 18.Qd2 Nc5 19.Ra3 1/2-1/2

[Event "First Lady's Cup"]
[Site "Surakarta/Denpasar INA"]
[Date "1982.02.21"]
[Round "11"]
[White "Rodriguez Vargas, Orestes"]
[Black "Ribli, Zoltan"]
[Result "1/2-1/2"]
[WhiteElo "2430"]
[BlackElo "2590"]
[EventDate "1982.02.10"]
[PlyCount "79"]

1.d4 Nf6 2.Nf3 e6 3.c4 b6 4.g3 Ba6 5.Nbd2 d5 6.Bg2 Be7 7.O-O O-O 8.b3 c5 
9.Bb2 Nbd7 10.Ne5 Rc8 11.cxd5 Nxd5 12.Nxd7 Qxd7 13.dxc5 Rfd8 14.Nc4 Bxc5 
15.e4 Bxc4 16.bxc4 Nb4 17.Qg4 Bf8 18.Bf6 Re8 19.Rad1 Qc7 20.a3 Nc2 21.e5 
Kh8 22.Be4 gxf6 23.Qh5 h6 24.Bxc2 fxe5 25.Rd2 Red8 26.Rfd1 Kg8 27.Qg4+ Bg7
28.Qe4 Rxd2 29.Rxd2 f5 30.Qh4 Qxc4 31.Bd1 e4 32.Rc2 Qa6 33.Qe7 Rxc2 34.
Qxe6+ Kh8 35.Bxc2 Qxa3 36.Bb3 Qf8 37.g4 fxg4 38.Qxe4 b5 39.Bc2 Qg8 40.Qd3 
1/2-1/2

[Event "First Lady's Cup"]
[Site "Surakarta/Denpasar INA"]
[Date "1982.02.21"]
[Round "11"]
[White "Bellon Lopez, Juan Manuel"]
[Black "Hulak, Krunoslav"]
[Result "0-1"]
[WhiteElo "2400"]
[BlackElo "2490"]
[EventDate "1982.02.10"]
[PlyCount "136"]

1.d4 e6 2.c4 Nf6 3.Nf3 c5 4.d5 exd5 5.cxd5 d6 6.Nc3 g6 7.Bf4 a6 8.e4 Bg4 
9.Be2 b5 10.e5 Bxf3 11.Bxf3 dxe5 12.Bxe5 Bd6 13.Bxf6 Qxf6 14.O-O O-O 15.
Re1 Be5 16.Ne4 Qb6 17.Nxc5 Bxb2 18.Rb1 Bf6 19.Rc1 Ra7 20.Qd2 Rd8 21.Ne4 
Bg7 22.Qf4 Nd7 23.Ng5 Nf6 24.Red1 h6 25.Ne4 Nxd5 26.Qh4 Rad7 27.Qh3 Rc7 
28.Rxc7 Qxc7 29.Qh4 g5 30.Qg4 Ne7 31.Rxd8+ Qxd8 32.Ng3 Qd4 33.Qxd4 Bxd4 
34.Be4 Bg7 35.Nf5 Ng6 36.g3 Bf8 37.Nd4 Bc5 38.Nc6 Kg7 39.Kf1 Nf8 40.Nb8 a5
41.Bc6 b4 42.Ba4 Ne6 43.Nc6 Bb6 44.f3 Nc5 45.Bb5 b3 46.axb3 Nxb3 47.Ke2 h5
48.Kd3 Kf6 49.Kc3 Nc5 50.Nb8 Ke6 51.Bc4+ Kd6 52.Bxf7 Bc7 53.Bxh5 Bxb8 54.
Kc4 Bc7 55.Bg6 Nd7 56.Kb5 Nf8 57.Bc2 Ne6 58.Kc4 Bd8 59.Bb1 Ke5 60.Bc2 Nc7 
61.Kc5 Nd5 62.Bh7 Ne3 63.Bd3 Be7+ 64.Kb5 Bb4 65.Ka4 Kd4 66.Bb5 Kc3 67.Be2 
Nd5 68.Kb5 Kd4 0-1

[Event "First Lady's Cup"]
[Site "Surakarta/Denpasar INA"]
[Date "1982.02.21"]
[Round "11"]
[White "Radulov, Ivan"]
[Black "Maninang, Jesus Rafael"]
[Result "1-0"]
[WhiteElo "2505"]
[BlackElo "2385"]
[EventDate "1982.02.10"]
[PlyCount "76"]

1.e4 c6 2.d4 d5 3.Nd2 dxe4 4.Nxe4 Bf5 5.Ng3 Bg6 6.Nf3 Nd7 7.h4 h6 8.h5 Bh7
9.Bd3 Bxd3 10.Qxd3 e6 11.Bd2 Qc7 12.O-O-O Ngf6 13.Kb1 O-O-O 14.c4 Kb8 15.
Qe2 c5 16.Ne5 Nxe5 17.dxe5 Nd7 18.Bc3 Kc8 19.Ne4 Nxe5 20.Rxd8+ Kxd8 21.
Nxc5 Qxc5 22.Bxe5 f6 23.Rd1+ Ke8 24.Bd4 Qf5+ 25.Ka1 Kf7 26.Bxa7 Be7 27.Re1
e5 28.g4 Qe6 29.Qe4 Rc8 30.c5 Rc6 31.Bb6 Bxc5 32.Bxc5 Rxc5 33.Qxb7+ Kg8 
34.f3 Qc4 35.Qe4 Qxe4 36.fxe4 Rc4 37.b3 Rd4 38.a4 Kf7 1-0

[Event "First Lady's Cup"]
[Site "Surakarta/Denpasar INA"]
[Date "1982.02.21"]
[Round "11"]
[White "Gunawan, Ronny"]
[Black "Spasov, Luben"]
[Result "1/2-1/2"]
[WhiteElo "2345"]
[BlackElo "2410"]
[EventDate "1982.02.10"]
[PlyCount "57"]

1.e4 c5 2.Nf3 Nc6 3.c3 e6 4.d4 d5 5.e5 Bd7 6.a3 c4 7.g3 Qb6 8.Bh3 Nge7 9.
O-O h6 10.Nbd2 Na5 11.Rb1 O-O-O 12.Re1 Kb8 13.Nf1 Nec6 14.N3d2 Be7 15.Ne3 
Bc8 16.Nc2 Nb3 17.Nxb3 Qxb3 18.Ne3 Qxd1 19.Rxd1 Na5 20.f4 g6 21.Rf1 Nb3 
22.Nc2 h5 23.Be3 Bd7 24.Ne1 b5 25.Nf3 Kb7 26.Bg2 Na5 27.h3 Nc6 28.g4 Rdg8 
29.Kf2 1/2-1/2

[Event "First Lady's Cup"]
[Site "Surakarta/Denpasar INA"]
[Date "1982.02.21"]
[Round "11"]
[White "Handoko, Edhi"]
[Black "Suradiradja, Herman"]
[Result "1/2-1/2"]
[WhiteElo "2370"]
[BlackElo "2380"]
[EventDate "1982.02.10"]
[PlyCount "83"]

1.e4 c5 2.Nf3 Nc6 3.d4 cxd4 4.Nxd4 Nf6 5.Nc3 d6 6.Be2 e5 7.Nb3 Be7 8.O-O 
O-O 9.f4 a5 10.a4 Nb4 11.Kh1 Qc7 12.Bf3 Be6 13.Be3 Rad8 14.Rc1 Bc4 15.Nb5 
Bxb5 16.axb5 d5 17.b6 Qb8 18.fxe5 dxe4 19.Bd4 exf3 20.exf6 Bxf6 21.Rxf3 
Bxd4 22.Nxd4 Qd6 23.c3 Nc6 24.h3 Qc5 25.Rd3 Nxd4 26.cxd4 Qxb6 27.d5 Rd7 
28.d6 h6 29.Qd2 Rfd8 30.Rd1 Re8 31.Qc2 Red8 32.Qd2 Qa6 33.Rd5 Qb6 34.Kh2 
Qb4 35.Qxb4 axb4 36.R5d4 b6 37.Kg3 f6 38.Kf3 Kf7 39.R4d2 Ke6 40.Re2+ Kf7 
41.Red2 g6 42.g4 1/2-1/2

[Event "First Lady's Cup"]
[Site "Surakarta/Denpasar INA"]
[Date "1982.02.21"]
[Round "11"]
[White "Henley, Ronald Watson"]
[Black "Sampouw, Jacobus Sawandar"]
[Result "1-0"]
[WhiteElo "2460"]
[BlackElo "2305"]
[EventDate "1982.02.10"]
[PlyCount "75"]

1.d4 Nf6 2.c4 e6 3.Nf3 b6 4.a3 Ba6 5.e3 Be7 6.Nbd2 O-O 7.Bd3 c5 8.O-O d5 
9.b3 dxc4 10.Nxc4 Nbd7 11.Bb2 cxd4 12.Nxd4 Nc5 13.Be2 Qd5 14.Rc1 Rfd8 15.
b4 Bb7 16.f3 Ncd7 17.Qe1 Qg5 18.Qg3 Qh6 19.Qf2 Nd5 20.Rfe1 a6 21.Bf1 Rac8 
22.g3 Ba8 23.e4 N5f6 24.Nb3 Qh5 25.Bd4 b5 26.Nb6 Rxc1 27.Rxc1 Ne5 28.Be2 
Bf8 29.Nxa8 Rxa8 30.g4 Qg5 31.f4 Qg6 32.fxe5 Nxe4 33.Qg2 Rd8 34.Bd3 Rxd4 
35.Nxd4 Qg5 36.Re1 Nc3 37.Nf3 Qd8 38.Bxh7+ 1-0

[Event "First Lady's Cup"]
[Site "Surakarta/Denpasar INA"]
[Date "1982.02.21"]
[Round "11"]
[White "Matanovic, Aleksandar"]
[Black "Ardiansyah"]
[Result "1/2-1/2"]
[WhiteElo "2495"]
[BlackElo "2395"]
[EventDate "1982.02.10"]
[PlyCount "60"]

1.e4 c5 2.Nf3 d6 3.d4 cxd4 4.Nxd4 Nf6 5.Nc3 a6 6.a4 e5 7.Nb3 Be7 8.Bc4 O-O
9.O-O Nbd7 10.Be3 b6 11.Qd3 Bb7 12.Rfd1 Qc7 13.Nd2 Nc5 14.Bxc5 Qxc5 15.Bb3
Rac8 16.Nf1 Qb4 17.Ne3 g6 18.Ncd5 Bxd5 19.Bxd5 a5 20.c3 Qc5 21.Bb3 Kg7 22.
Qe2 Qc6 23.Bc2 Rfd8 24.g3 Bf8 25.Nd5 Nxd5 26.Rxd5 Be7 27.Rad1 Qc4 28.Qxc4 
Rxc4 29.f3 Rc5 30.Rxc5 dxc5 1/2-1/2

[Event "First Lady's Cup"]
[Site "Surakarta/Denpasar INA"]
[Date "1982.02.22"]
[Round "12"]
[White "Suttles, Duncan"]
[Black "Rodriguez Vargas, Orestes"]
[Result "1/2-1/2"]
[WhiteElo "2475"]
[BlackElo "2430"]
[EventDate "1982.02.10"]
[PlyCount "27"]

1.e4 d5 2.exd5 Nf6 3.d4 Nxd5 4.c4 Nb6 5.Nc3 e5 6.Qe2 Qxd4 7.Nf3 Qc5 8.Be3 
Qa5 9.c5 N6d7 10.Nd2 c6 11.Nc4 Qc7 12.Ne4 Nf6 13.Bd4 Be6 14.Ned6+ 1/2-1/2

[Event "First Lady's Cup"]
[Site "Surakarta/Denpasar INA"]
[Date "1982.02.22"]
[Round "12"]
[White "Keene, Raymond Dennis"]
[Black "Kurajica, Bojan"]
[Result "1/2-1/2"]
[WhiteElo "2505"]
[BlackElo "2510"]
[EventDate "1982.02.10"]
[PlyCount "22"]

1.c4 e6 2.Nc3 d5 3.d4 Be7 4.Nf3 Nf6 5.Bg5 h6 6.Bxf6 Bxf6 7.e3 O-O 8.Rc1 a5
9.Bd3 c6 10.O-O Nd7 11.cxd5 exd5 1/2-1/2

[Event "First Lady's Cup"]
[Site "Surakarta/Denpasar INA"]
[Date "1982.02.22"]
[Round "12"]
[White "Chandler, Murray Graham"]
[Black "Hulak, Krunoslav"]
[Result "1-0"]
[WhiteElo "2470"]
[BlackElo "2490"]
[EventDate "1982.02.10"]
[PlyCount "77"]

1.e4 c5 2.Nf3 d6 3.d4 cxd4 4.Nxd4 Nf6 5.Nc3 a6 6.a4 e5 7.Nf3 Be7 8.Bc4 h6 
9.O-O Be6 10.Bxe6 fxe6 11.Nh4 Kf7 12.f4 exf4 13.Bxf4 Nc6 14.Bg3 Qb6+ 15.
Kh1 Rad8 16.Qg4 Qxb2 17.Nd5 exd5 18.exd5 Nd4 19.Qg6+ Kg8 20.Rae1 Qxc2 21.
Rxe7 Qxg6 22.Nxg6 Nxd5 23.Rxb7 Ne3 24.Rff7 Rh7 25.Bf2 Ndc2 26.Rf3 Ng4 27.
Bb6 Ra8 28.Ne7+ Kh8 29.Ng6+ Kg8 30.Rc7 Ne1 31.Rg3 Ne5 32.Nxe5 dxe5 33.Re3 
Nxg2 34.Kxg2 g5 35.Rxh7 Kxh7 36.Rxe5 Rc8 37.Re7+ Kg6 38.Re6+ Kh5 39.a5 1-0

[Event "First Lady's Cup"]
[Site "Surakarta/Denpasar INA"]
[Date "1982.02.22"]
[Round "12"]
[White "Maninang, Jesus Rafael"]
[Black "Gheorghiu, Florin"]
[Result "0-1"]
[WhiteElo "2385"]
[BlackElo "2550"]
[EventDate "1982.02.10"]
[PlyCount "80"]

1.e4 c5 2.Nf3 e6 3.d4 cxd4 4.Nxd4 Nf6 5.Nc3 d6 6.g4 h6 7.g5 hxg5 8.Bxg5 
Nc6 9.Qd2 Qb6 10.O-O-O a6 11.f4 Nxd4 12.Qxd4 Qxd4 13.Rxd4 Bd7 14.Bg2 Bc6 
15.Rd2 Nd7 16.f5 Ne5 17.fxe6 fxe6 18.Ne2 Be7 19.Bxe7 Kxe7 20.Nd4 Raf8 21.
Nxc6+ bxc6 22.Bf1 g5 23.Rg2 g4 24.Bxa6 Ra8 25.Be2 Rxa2 26.Rf1 Nf3 27.b3 
Ra1+ 28.Kb2 Rxf1 29.Bxf1 Nxh2 30.Be2 Rh4 31.Kc3 Kf6 32.b4 Ke5 33.Kd3 Rh3+ 
34.Kc4 Kf4 35.b5 cxb5+ 36.Kxb5 Rh6 37.Kc6 e5 38.Kd5 Nf3 39.c4 g3 40.c5 
dxc5 0-1